|
|
|
|
| LEADER |
00000nam a2200000 i 4500 |
| 001 |
DIGDESCL0148 |
| 003 |
NyNyDIG |
| 006 |
m o d |
| 007 |
cr ||||||||||| |
| 008 |
231119s2015 sp a ob 001 0 spa d |
| 035 |
|
|
|a (OCoLC)1410556917
|
| 040 |
|
|
|a DGITA
|b eng
|e rda
|e pn
|c DGITA
|
| 020 |
|
|
|a 9788433037602
|q eBook
|
| 020 |
|
|
|z 9788433027023
|
| 041 |
1 |
|
|a spa
|h eng
|
| 050 |
1 |
4 |
|a RC553.D5 ebook
|
| 100 |
1 |
|
|a Boon, Suzette,
|e author.
|
| 240 |
1 |
0 |
|a Coping with trauma-related dissociation.
|l Spanish
|s (Colodrón)
|
| 245 |
1 |
0 |
|a Vivir con disociación traumática :
|b entrenamiento de habilidades para pacientes y terapeutas /
|c Suzette Boon, Kathy Steele, Onno Van Der Hart ; traducción, Alfonso Colodrón.
|
| 264 |
|
1 |
|a Bilbao :
|b Desclée De Brouwer,
|c 2015.
|
| 300 |
|
|
|a 1 online resource :
|b illustrations.
|
| 336 |
|
|
|a text
|b txt
|2 rdacontent
|
| 337 |
|
|
|a computer file
|b c
|2 rdamedia
|
| 338 |
|
|
|a online resource
|b cr
|2 rdacarrier
|
| 347 |
|
|
|a text file
|2 rdaft
|
| 347 |
|
|
|b EPUB
|
| 490 |
1 |
|
|a Biblioteca de psicología ;
|v 190
|
| 504 |
|
|
|a Includes bibliographical references and Index.
|
| 588 |
0 |
|
|a Online resource; title from ePub title page (Digitalia, viewed November 19, 2023)
|
| 650 |
|
0 |
|a Dissociative disorders.
|
| 650 |
|
0 |
|a Post-traumatic stress disorder.
|
| 650 |
|
0 |
|a Dissociation (Psychology)
|
| 700 |
1 |
|
|a Steele, Kathy,
|e author.
|
| 700 |
1 |
|
|a Hart, Onno van der,
|d 1941-
|e author.
|
| 700 |
1 |
|
|a Colodrón, Alfonso,
|q (Colodrón Gómez),
|e translator.
|
| 700 |
1 |
|
|i Translation of:
|a Boon, Suzette.
|t Coping with trauma-related dissociation.
|
| 776 |
0 |
8 |
|i Print version:
|a Boon, Suzette.
|s Coping with trauma-related dissociation. Spanish (Colodrón).
|t Vivir con disociación traumática.
|d Bilbao : Desclée De Brouwer, [2014]
|z 9788433027023
|
| 791 |
2 |
|
|a Digitalia (Firm),
|e distributor.
|
| 793 |
0 |
|
|g Digitalia eBook Collection:
|a Editorial Desclée De Brouwer
|
| 830 |
|
0 |
|a Biblioteca de psicología (Desclée de Brouwer (Firm)) ;
|v 190
|
| 856 |
4 |
0 |
|3 Digitalia Hispánica
|u https://www.digitaliapublishing.com/a/84220/
|
| 910 |
|
|
|a Premium collection: 2023
|